| 000 | 00494nam a22001577a 4500 | ||
|---|---|---|---|
| 003 | macl | ||
| 005 | 20241024125936.0 | ||
| 008 | 241024b |||||||| |||| 00| 0 eng d | ||
| 040 | _cmacl | ||
| 082 | _a330 | ||
| 100 |
_aKhan Sir _982107 |
||
| 245 | _aNCERT अर्थशास्त्र "सार संग्रह " (कक्षा 6th -12th) | ||
| 260 |
_aDelhi _bKiran institute of career Excellence _c2024 |
||
| 650 | _aअर्थशास्त्र | ||
| 942 |
_2ddc _cC. BOOKS |
||
| 999 |
_c67632 _d67632 |
||